| 000 | 09311cam a22020774i 4500 | ||
|---|---|---|---|
| 001 | u154918 | ||
| 003 | PE-LiUPU | ||
| 005 | 20250813165330.0 | ||
| 008 | 151019s2011 mx a r 000 0 spa d | ||
| 020 | _a9789586828215 | ||
| 035 | _a(Sirsi) i9789586828215 | ||
| 040 |
_aPE-LiUPU _bspa _cPE-LiUPU _erda |
||
| 049 | _aPRUA | ||
| 082 | 0 | 4 |
_a628 _bA68 _c223 |
| 082 | 0 | 4 |
_a628 _bA69 |
| 100 | 1 |
_aArellano Díaz, Javier, _eautor. |
|
| 245 | 1 | 0 |
_aIngeniería ambiental / _cJavier Arellano Díaz, Jaime Eduardo Guzmán Pantoja. |
| 250 | _aPrimera edición. | ||
| 264 | 1 |
_aMexico : _bAlfaomega Editor, _c2011. |
|
| 300 |
_a182 páginas : _bilustraciones ; _c23 centímetros |
||
| 336 |
_atext _2rdacontent |
||
| 337 |
_aunmediated _2rdamedia |
||
| 338 |
_avolume _2rdacarrier |
||
| 505 | 0 | _aIntroducción -- Ecología -- Contaminación ambiental -- Agua -- Generalidades -- Contaminación del agua -- Tratamiento de aguas -- Tratamiento de aguas residuales -- Suelo -- Generalidades -- Contaminación del suelo -- Residuos sólidos -- Manejo general de los residuos sólidos -- Sistemas de ingeniería para el manejo de los residuos sólidos -- Relleno sanitario -- Sistemas de ingeniería para reciclado -- Residuos nucleares -- Aire -- Marco histórico general -- Contaminación del aire y los riesgos para la salud humana -- Contaminantes del aire -- Sistemas de ingeniería para prevenir y controlar la contaminación del aire -- Conceptos básicos sobre ruido -- Control de la contaminación por ruido -- Remediación -- Restauración de zonas afectadas -- Biorremediación -- Desarrollo sustentable -- Impacto ambiental -- Consideraciones generales para el desarrollo sustentable -- Factores económicos y políticos -- Factores demográficos -- Tecnología no contaminante -- Energía solar -- Energía eólica -- Generación de energía por biomasa -- Diferentes alternativas de producción de energía -- Salud ambiental -- Salud ambiental -- Efectos adversoos de la contaminación en los seres humanos -- Toxicología -- Toxicocinética -- Clasificación de los agentes tóxicos -- Características de los efectos tóxicos -- Seguridad e higiene industrial -- Conceptos de seguridad -- Contaminación intramuros en la industria -- Evaluación de la exposición del trabajador -- Sistemas de Gestión ambiental -- Requisitos del sistema de gestión ambiental -- Implementación y operación -- Verificación y acción correctiva -- Marco normativo internacional -- Marco general jurídico -- Normatividad internacional -- Marco normativo medioambiental de Colombia -- Normatividad ambiental de México -- Normatividad ambiental de Perú -- Normatividad ambiental de Venezuela -- Bibliografía. | |
| 526 | _aP203 | ||
| 526 | _aP200 | ||
| 526 | _aSEG65 | ||
| 526 | _aSEG64 | ||
| 526 | _aSEG63 | ||
| 526 | _aSEG62 | ||
| 526 | _aSEG61 | ||
| 526 | _aSEG60 | ||
| 526 | _aSEG59 | ||
| 526 | _aSEG58 | ||
| 526 | _aSEG57 | ||
| 526 | _aSEG56 | ||
| 526 | _aSEG55 | ||
| 526 | _aSEG54 | ||
| 526 | _aSEG53 | ||
| 526 | _aSEG52 | ||
| 526 | _aSEG51 | ||
| 526 | _aSEG50 | ||
| 526 | _aSEG49 | ||
| 526 | _aSEG48 | ||
| 526 | _aSEG47 | ||
| 526 | _aSEG46 | ||
| 526 | _aSEG24 | ||
| 526 | _aSEG23 | ||
| 526 | _aSEG22 | ||
| 526 | _aSEG21 | ||
| 526 | _aSEG20 | ||
| 526 | _aSEG19 | ||
| 526 | _aSEG18 | ||
| 526 | _aSEG17 | ||
| 526 | _aSEG16 | ||
| 526 | _aSEG14 | ||
| 526 | _aSEG13 | ||
| 526 | _aSEG12 | ||
| 526 | _aSEG11 | ||
| 526 | _aSEG10 | ||
| 526 | _aSEG09 | ||
| 526 | _aSEG06 | ||
| 526 | _aSEG05 | ||
| 526 | _aSEG04 | ||
| 526 | _aSEG03 | ||
| 526 | _aSEG02 | ||
| 526 | _aSEG68 | ||
| 526 | _aSEG66 | ||
| 526 | _aSEG45 | ||
| 526 | _aSEG25 | ||
| 526 | _aSEG01 | ||
| 526 | _aP163 | ||
| 526 | _aP162 | ||
| 526 | _aP161 | ||
| 526 | _aP160 | ||
| 526 | _aP159 | ||
| 526 | _aP158 | ||
| 526 | _aP157 | ||
| 526 | _aP156 | ||
| 526 | _aP155 | ||
| 526 | _aP154 | ||
| 526 | _aP153 | ||
| 526 | _aP152 | ||
| 526 | _aP151 | ||
| 526 | _aP150 | ||
| 526 | _aP149 | ||
| 526 | _aP142 | ||
| 526 | _aP141 | ||
| 526 | _aP140 | ||
| 526 | _aP139 | ||
| 526 | _aP138 | ||
| 526 | _aP137 | ||
| 526 | _aP132 | ||
| 526 | _aP131 | ||
| 526 | _aP130 | ||
| 526 | _aP126 | ||
| 526 | _aP125 | ||
| 526 | _aP124 | ||
| 526 | _aP123 | ||
| 526 | _aP115 | ||
| 526 | _aP122 | ||
| 526 | _aP121 | ||
| 526 | _aP116 | ||
| 526 | _a P114 | ||
| 526 | _aP112 | ||
| 526 | _aP111 | ||
| 526 | _aP104 | ||
| 526 | _aP103 | ||
| 526 | _aP102 | ||
| 526 | _aP101 | ||
| 526 | _aP100 | ||
| 526 | _aP96 | ||
| 526 | _aP95 | ||
| 526 | _aP93 | ||
| 526 | _aP92 | ||
| 526 | _aP91 | ||
| 526 | _aP88 | ||
| 526 | _aP83 | ||
| 526 | _aP82 | ||
| 526 | _aP79 | ||
| 526 | _aP78 | ||
| 526 | _aP75 | ||
| 526 | _aP74 | ||
| 526 | _aP71 | ||
| 526 | _aP69 | ||
| 526 | _a P51 | ||
| 526 | _aP49 | ||
| 526 | _aP48 | ||
| 526 | _aP47 | ||
| 526 | _aP33 | ||
| 526 | _aP31 | ||
| 526 | _a P30 | ||
| 526 | _aP29 | ||
| 526 | _aP27 | ||
| 526 | _aP26 | ||
| 526 | _aP25 | ||
| 526 | _aP24 | ||
| 526 | _a P22 | ||
| 526 | _aP10 | ||
| 526 | _aP09 | ||
| 526 | _a P08 | ||
| 526 | _aP06 | ||
| 526 | _aP05 | ||
| 526 | _aP04 | ||
| 526 | _aP01 | ||
| 541 | _gF002-00000049; | ||
| 541 | _gF001-0000831; | ||
| 650 | 0 | 4 | _aEnvironmental protection. |
| 650 | 0 | 4 | _aProtección ambiental. |
| 910 |
_adbm _bwmm _cwmm _20180522 |
||
| 910 |
_aemss _d20160901 |
||
| 910 |
_armch _bwelc _cwelc _d20190204 |
||
| 942 |
_2ddc _cBOOK |
||
| 994 |
_aC0 _bPEPRU |
||
| 949 |
_a628 A68 _wDEWEY _c1 _i78556 _f2018-5-28 _g1 _lCCODEBUL1 _mBUL _p27.19 _r0 _sY _tBOOK _u2018-5-23 _xINGENIERIA _PP24 _0COMPRA _1FCOMPRA _o.STAFF. Colección Ingeniería y Arquitectura |
||
| 949 |
_a628 A68 _wDEWEY _c1 _iFT02994 _e2017-5-3 _lCCODEBUT1 _mBUT _n2 _p24.69 _r0 _sY _tBOOK _u2015-8-4 _PP24 _0COMPRA _o.STAFF. Colección General |
||
| 949 |
_a628 A68 _wDEWEY _c2 _i78555 _f2018-5-28 _g1 _lCCODEBUL1 _mBUL _p27.19 _r0 _sY _tBOOK _u2018-5-23 _xINGENIERIA _PP24 _0COMPRA _1FCOMPRA _o.STAFF. Colección Ingeniería y Arquitectura |
||
| 949 |
_a628 A69 2011 _wDEWEY _c1 _iFJ01683 _d2017-9-20 _e2017-8-31 _f2017-12-29 _g1 _lCCODEBUJ1 _mBUJ _n7 _p24.69 _q2 _r0 _sY _tBOOK _u2016-9-1 _xINGENIERIA _PP24 _0COMPRA _o.STAFF. Colección General Juliaca |
||
| 949 |
_a628 A69 2011 _wDEWEY _c2 _iFJ01684 _d2018-5-21 _e2017-10-10 _f2017-12-29 _g1 _lCCODEBUJ1 _mBUJ _n6 _p24.69 _q4 _r0 _sY _tBOOK _u2016-9-1 _xINGENIERIA _PP24 _0COMPRA _o.STAFF. Colección General Juliaca |
||
| 949 |
_a628 A69 2011 _wDEWEY _c3 _iFJ01889 _d2018-5-10 _e2018-5-7 _f2017-12-29 _g1 _lCCODEBUJ1 _mBUJ _n5 _p24.69 _q3 _r0 _sY _tBOOK _u2016-9-6 _xINGENIERIA _PP24 _0COMPRA _o.STAFF. Colección General Juliaca |
||
| 949 |
_a628 A69 2011 _wDEWEY _c4 _iFJ01890 _d2017-10-2 _e2017-9-28 _f2017-12-29 _g1 _lCCODEBUJ1 _mBUJ _n3 _p24.69 _q1 _r0 _sY _tBOOK _u2016-9-6 _xINGENIERIA _PP24 _0COMPRA _o.STAFF. Colección General Juliaca |
||
| 949 |
_a628 A69 2011 _wDEWEY _c5 _iFJ01891 _d2018-3-12 _e2018-3-9 _f2017-12-29 _g1 _lCCODEBUJ1 _mBUJ _n6 _p24.69 _q2 _r0 _sY _tBOOK _u2016-9-6 _xINGENIERIA _PP24 _0COMPRA _o.STAFF. Colección General Juliaca |
||
| 949 |
_a628 A69 2011 _wDEWEY _c6 _iFJ12508 _lCCODEBUJ1 _mBUJ _p19.43 _r0 _sY _tBOOK _u2018-02-04 _xINGENIERIA _PP24 _0COMPRA _o.STAFF. Colección General Juliaca |
||
| 596 | _a1 2 3 | ||
| 999 |
_a628 A68 _wDEWEY _c7611 _iFT02994 _e2017-5-3 _f2019-2-20 _g1 _lCCODEBUT1 _mBUT _n2 _p24.69 _r0 _sY _tBOOK _u2015-8-4 _PP24 _0COMPRA _o.STAFF. Colección General _d7611 |
||
| 999 |
_a628 A69 2011 _wDEWEY _c1 _iFJ01683 _d2017-9-20 _e2017-8-31 _f2022-1-26 _g4 _lCCODEBUJ1 _mBUJ _n7 _p24.69 _q2 _r0 _sY _tBOOK _u2016-9-1 _xINGENIERIA _PP24 _0COMPRA _o.STAFF. Colección General Juliaca |
||
| 999 |
_a628 A69 2011 _wDEWEY _c2 _iFJ01684 _d2019-3-28 _e2019-3-26 _f2022-1-26 _g4 _lCCODEBUJ1 _mBUJ _n8 _p24.69 _q6 _r0 _sY _tBOOK _u2016-9-1 _xINGENIERIA _PP24 _0COMPRA _o.STAFF. Colección General Juliaca |
||
| 999 |
_a628 A69 2011 _wDEWEY _c3 _iFJ01889 _d2018-5-10 _e2018-5-7 _f2022-1-26 _g3 _lCCODEBUJ1 _mBUJ _n5 _p24.69 _q3 _r0 _sY _tBOOK _u2016-9-6 _xINGENIERIA _PP24 _0COMPRA _o.STAFF. Colección General Juliaca |
||
| 999 |
_a628 A69 2011 _wDEWEY _c4 _iFJ01890 _d2019-10-3 _e2019-9-30 _f2022-1-26 _g4 _lCCODEBUJ1 _mBUJ _n5 _p24.69 _q4 _r0 _sY _tBOOK _u2016-9-6 _xINGENIERIA _PP24 _0COMPRA _o.STAFF. Colección General Juliaca |
||
| 999 |
_a628 A69 2011 _wDEWEY _c5 _iFJ01891 _d2019-4-4 _e2019-4-2 _f2022-1-26 _g4 _lCCODEBUJ1 _mBUJ _n7 _p24.69 _q2 _r0 _sY _tBOOK _u2016-9-6 _xINGENIERIA _PP24 _0COMPRA _o.STAFF. Colección General Juliaca |
||
| 999 |
_a628 A69 2011 _wDEWEY _c6 _iFJ12508 _d2019-9-16 _e2019-9-12 _f2022-1-26 _g3 _lCCODEBUJ1 _mBUJ _n1 _p19.43 _q2 _r0 _sY _tBOOK _u2019-2-4 _xINGENIERIA _PP24 _0COMPRA _1FCOMPR2 _o.STAFF. Colección General Juliaca |
||
| 999 |
_a628 A68 _wDEWEY _c1 _i78556 _d2018-9-10 _f2021-11-9 _g4 _lCCODEBUL1 _mBUL _p27.19 _q1 _r0 _sY _tBOOK _u2018-5-23 _xINGENIERIA _PP24 _0COMPRA _1FCOMPRA _o.STAFF. Colección Ingeniería y Arquitectura |
||
| 999 |
_a628 A68 _wDEWEY _c2 _i78555 _f2021-11-9 _g4 _lCCODEBUL1 _mBUL _p27.19 _r0 _sY _tBOOK _u2018-5-23 _xINGENIERIA _PP24 _0COMPRA _1FCOMPRA _o.STAFF. Colección Ingeniería y Arquitectura |
||
| 980 |
_81 _gALBERTO SANCHEZ Responsable de Automatización |
||